000 00533nam a2200181 4500
001 18240
005 20230410120927.0
008 060907n19uu dr spa
020 _a1931003750
035 _9funglode18386
041 _aes
050 1 4 _aJC 423 D383 2004
245 0 _aDemocracia con desigualdad? :
_buna mirada de Europa hacia América Latina /
_cCarlo Binetti, Fernando Carrillo
260 _aNew York :
_bIDB Books
300 _axxxi, 333 p.
700 _aBinetti, Carlo \ Carrillo, Fernando
942 _2lcc
_cbk
999 _c54576
_d54576